<?xml version="1.0" encoding="UTF-8"?>
<collection xmlns:xsi="http://www.w3.org/2001/XMLSchema-instance" xsi:schemaLocation="http://www.loc.gov/MARC21/slim http://www.loc.gov/standards/marcxml/schema/MARC21slim.xsd" xmlns="http://www.loc.gov/MARC21/slim">
 <record>
  <leader>00000cmm a22000005i 4500</leader>
  <controlfield tag="001">UP-99796217611037661</controlfield>
  <controlfield tag="003">Buklod</controlfield>
  <controlfield tag="005">20230504003249.0</controlfield>
  <controlfield tag="006">m    go  j        </controlfield>
  <controlfield tag="007">cr |nu|||auu|a</controlfield>
  <controlfield tag="008">110725s2011    xx         u |      eng d</controlfield>
  <datafield tag="020" ind1=" " ind2=" ">
   <subfield code="a">978-94-6091-421-8 (eBook)</subfield>
  </datafield>
  <datafield tag="035" ind1=" " ind2=" ">
   <subfield code="a">(iLib)UPD-00209103807</subfield>
  </datafield>
  <datafield tag="040" ind1=" " ind2=" ">
   <subfield code="a">DLC</subfield>
   <subfield code="d">DML</subfield>
  </datafield>
  <datafield tag="041" ind1="0" ind2=" ">
   <subfield code="a">eng</subfield>
  </datafield>
  <datafield tag="042" ind1=" " ind2=" ">
   <subfield code="a">DMLUC</subfield>
  </datafield>
  <datafield tag="084" ind1=" " ind2=" ">
   <subfield code="a">BF 1879 T2</subfield>
   <subfield code="b">S46 2011eb</subfield>
  </datafield>
  <datafield tag="100" ind1="1" ind2=" ">
   <subfield code="a">Semetsky, Inna</subfield>
  </datafield>
  <datafield tag="245" ind1="1" ind2="0">
   <subfield code="a">Re-symbolization of the self</subfield>
   <subfield code="b">human development and tarot hermeneutic</subfield>
   <subfield code="h">[electronic resource]</subfield>
   <subfield code="c">Inna Semetsky.</subfield>
  </datafield>
  <datafield tag="264" ind1=" " ind2="1">
   <subfield code="a">Rotterdam</subfield>
   <subfield code="b">SensePublishers</subfield>
   <subfield code="b">Imprint: SensePublishers</subfield>
   <subfield code="c">2011.</subfield>
  </datafield>
  <datafield tag="300" ind1=" " ind2=" ">
   <subfield code="a">1 online resource (viii, 186p.)</subfield>
  </datafield>
  <datafield tag="490" ind1="1" ind2=" ">
   <subfield code="a">Transgressions, cultural studies and education</subfield>
   <subfield code="v">64</subfield>
  </datafield>
  <datafield tag="520" ind1=" " ind2=" ">
   <subfield code="a">Bringing together popular and academic cultures, Inna Semetsky presents Tarot as a system of transformative hermeneutics for adult self-education and cultural pedagogy. Her research is a decisive and intelligent step ahead from the reductive stereotype of Tarot as fortune-telling. The fifteen life stories at the heart of the book exemplify the author?s commitment to alternative modes of education and counseling that transcend individual, cultural or language barriers. Assembling a rich array of sources, from Hermeticism to Jungian depth psychology, the philosophies of Noddings, Buber, and Deleuze, and the science of self-organization, this book opens a new path to personal and social revitalization. It should be widely read across disciplinary divides by scholars, students, and professionals alike.</subfield>
  </datafield>
  <datafield tag="533" ind1=" " ind2=" ">
   <subfield code="a">Electronic reproduction.</subfield>
   <subfield code="b">New York</subfield>
   <subfield code="c">Springerlink</subfield>
   <subfield code="d">c2011.</subfield>
   <subfield code="n">Available via World Wide Web through SpringerLink.</subfield>
  </datafield>
  <datafield tag="650" ind1=" " ind2="0">
   <subfield code="a">Tarot.</subfield>
  </datafield>
  <datafield tag="650" ind1=" " ind2="0">
   <subfield code="a">Self.</subfield>
  </datafield>
  <datafield tag="650" ind1=" " ind2="0">
   <subfield code="a">Electronic books.</subfield>
  </datafield>
  <datafield tag="710" ind1="2" ind2=" ">
   <subfield code="a">SpringerLink (Online Service).</subfield>
  </datafield>
  <datafield tag="842" ind1=" " ind2=" ">
   <subfield code="a">Electronic Resource</subfield>
  </datafield>
  <datafield tag="856" ind1="4" ind2="0">
   <subfield code="y">Available for the University of the Philippines Diliman via SpringerLink. Click here to access</subfield>
   <subfield code="u">http://link.springer.com/book/10.1007/978-94-6091-421-8#page-1</subfield>
  </datafield>
  <datafield tag="905" ind1=" " ind2=" ">
   <subfield code="a">FO</subfield>
  </datafield>
  <datafield tag="950" ind1=" " ind2=" ">
   <subfield code="a">Monograph</subfield>
  </datafield>
  <datafield tag="852" ind1="0" ind2=" ">
   <subfield code="a">UPD</subfield>
   <subfield code="b">DMLR</subfield>
  </datafield>
  <datafield tag="942" ind1=" " ind2=" ">
   <subfield code="a">Electronic Resource</subfield>
  </datafield>
 </record>
</collection>
